Rozšírenie Európskej únie: Historická príležitosť /

Na minha lista:
Detalhes bibliográficos
Autor principal: Verheugen, Günter (Author)
Outros Autores: Kramerová, Judita (Translator)
Formato: Livro
Idioma:eslovaco
Publicado em: Bratislava: Delegácia Európskej komisie v SR, 2001
Assuntos:
Tags: Adicionar Tag
Sem tags, seja o primeiro a adicionar uma tag!

MARC

LEADER 00000nam a22000003a 4500
001 0024651
003 SK-STU
005 20170620135643.4
007 ta
008 170620s ----xo-----e------000-0-----d
020 |a 80-968152-5-3 
040 |a STU  |b slo 
041 0 |a slo  |h slo 
044 |a xo 
100 1 |a Verheugen, Günter  |4 aut  |r Z6 
245 1 0 |a Rozšírenie Európskej únie:  |b Historická príležitosť /  |c aut. Günter Verheugen ; prekl. Judita Kramerová 
260 |a Bratislava:  |b Delegácia Európskej komisie v SR,  |c 2001 
300 |a 47 s. 
650 0 7 |a Európska únia 
700 1 |a Kramerová, Judita  |r Z5  |4 trl 
996 |b 284V040559  |c V* 9387/K-2467  |l VVT  |s A  |a 24  |w 0024651_0001